Statistics for All train stations in Lincolnshire

Click here to take the quiz!

General Stats

  • This quiz has been taken 12 times
  • The average score is 22 of 43

Answer Stats

GroupAnswer% Correct
Poacher lineBoston
92%
Peterborough-Lincoln lineLincoln
92%
Poacher lineSkegness
92%
South Humberside main lineGrimsby Town
83%
South Humberside main lineCleethorpes
75%
East Coast main lineGrantham
75%
Birmingham-Peterborough lineStamford
67%
South Humberside main lineBarnetby
58%
Sheffield-Lincoln lineBrigg
58%
South Humberside main lineGrimsby Docks
58%
Grimsby-Lincoln-Newark lineMarket Rasen
58%
Barton lineNew Holland
58%
South Humberside main lineScunthorpe
58%
Peterborough-Lincoln lineSleaford
58%
Poacher lineAncaster
50%
Doncaster-Lincoln lineGainsborough Lea Road
50%
Grimsby-Lincoln-Newark lineHykeham
50%
Peterborough-Lincoln lineMetheringham
50%
South Humberside main lineNew Clee
50%
Peterborough-Lincoln lineRuskington
50%
Peterborough-Lincoln lineSpalding
50%
Barton lineUlceby
50%
Poacher lineWainfleet
50%
Barton lineBarton-on-Humber
42%
Sheffield-Lincoln lineGainsborough Central
42%
Barton lineGoxhill
42%
South Humberside main lineGreat Coates
42%
Poacher lineHavenhouse
42%
Poacher lineHeckington
42%
Poacher lineHubberts Bridge
42%
Poacher lineRauceby
42%
Doncaster-Lincoln lineSaxilby
42%
Grimsby-Lincoln-Newark lineSwinderby
42%
Poacher lineSwineshead
42%
Barton lineThornton Abbey
42%
Poacher lineThorpe Culvert
42%
South Humberside main lineAlthorpe
33%
Barton lineBarrow Haven
33%
South Humberside main lineCrowle
33%
South Humberside main lineHabrough
33%
South Humberside main lineHealing
33%
Sheffield-Lincoln lineKirton Lindsey
33%
South Humberside main lineStallingborough
33%

Score Distribution

Percentile by Number Answered

Percent of People with Each Score

Your Score History

You have not taken this quiz